Тезисы докладов научно-практической конференции " Молодые ученые специалисты Томской области в девятой пятилетке ": Секция: строительство, геология, геодезия

Bibliografiset tiedot
Muut tekijät: Рогов Г. М. Геннадий Маркелович (редактор)
Yhteenveto:XXY съезду КПСС посвящается
Kieli:venäjä
Julkaistu: Томск, 1975
Aiheet:
Aineistotyyppi: Kirja
KOHA link:https://koha.lib.tpu.ru/cgi-bin/koha/opac-detail.pl?biblionumber=158144

MARC

LEADER 00000nam0a2200000 4500
001 158144
005 20231031154248.0
035 |a (RuTPU)RU\TPU\book\171523 
090 |a 158144 
100 |a 20090420d1975 km y0rusy50 ca 
101 0 |a rus 
102 |a RU 
105 |a a z 111zy 
200 1 |a Тезисы докладов научно-практической конференции " Молодые ученые специалисты Томской области в девятой пятилетке "  |e Секция: строительство, геология, геодезия  |f под ред. Г. М. Рогова 
210 |a Томск  |d 1975 
215 |a 171 с.  |c ил. 
300 |a XXY съезду КПСС посвящается 
320 |a Библиография в конце докладов. 
610 1 |a геологи 
610 1 |a строительство 
610 1 |a инженерная геология 
610 1 |a геодезия 
610 1 |a молодые ученые 
610 1 |a научные труды 
610 1 |a Томск 
610 1 |a конференции 
675 |a 624(063)  |v 3 
675 |a 55(063)  |v 3 
675 |a 526(063)  |v 3 
702 1 |a Рогов  |b Г. М.  |g Геннадий Маркелович  |4 340 
801 1 |a RU  |b 63413507  |c 20090420  |g PSBO 
801 2 |a RU  |b 63413507  |c 20100812  |g RCR 
942 |c BK